00515nam a2200145Ia 4500008004100000020001500041041000800056082001700064100007300081245012500154250000600279260003900285300001100324650003400335210716s2006 xx 000 0 und d a8131704491 aeng a332.632 CHAG aChacko, George; Sjoman, Anders; Motohashi, Hideto; Dessain, Vincent. aCredit derivatives: a primer on credit risk modeling and instruments.bA primer on credit risk modeling and instruments. a1 aNew DelhibPearson Educationc2006 aix,256 aDerivatives & Risk Management